Countries With The Most Natural Gas Production - Statistics

General Stats
  • This quiz has been taken 360 times
  • The average score is 11 of 15
Answer Stats
Annual Natural Gas Production (Meters Cubed) Country % Correct
766,200 United States
98%
598,600 Russia
97%
138,400 China
90%
149,900 Canada
89%
102,300 Saudi Arabia
87%
184,800 Iran
86%
188,000 Qatar
81%
54,240 United Arab Emirates
76%
117,200 Norway
74%
62,640 Australia
68%
83,290 Algeria
63%
64,900 Egypt
54%
83,700 Turkmenistan
37%
61,740 Uzbekistan
33%
65,420 Malaysia
30%
No matching quizzes found
Score Distribution
Percent of People with Each Score
Percentile by Number Answered
Your Score History
You have not taken this quiz